O level English practice : answer book
Saved in:
| Main Author: | |
|---|---|
| Format: | Book |
| Language: | English |
| Published: |
Walton-on-Thames :
Thomas Nelson,
1989
|
| Edition: | 1st ed., 2nd impression |
| Subjects: | |
| Tags: |
Add Tag
No Tags, Be the first to tag this record!
|
MARC
| LEADER | 00000cam a2200000 i 4500 | ||
|---|---|---|---|
| 001 | 1/105495 | ||
| 008 | 000328s1989 eng d | ||
| 020 | |a 0-17-555830-2 | ||
| 035 | |l 10059272 | ||
| 040 | |a GR-MY-UA |b gre |e aacr | ||
| 041 | 0 | |a eng | |
| 082 | 0 | |a 428.24 | |
| 100 | 1 | |a Millington, John Ward. | |
| 245 | 1 | 0 | |a O level English practice : |b answer book / |c J. Millington Ward |
| 250 | |a 1st ed., 2nd impression | ||
| 260 | |a Walton-on-Thames : |b Thomas Nelson, |c 1989 | ||
| 300 | |a 46 p. | ||
| 500 | |a O Level English Practice is a comprehensive language course which thoroughly prepares students for the English Language paper (Syllabus B) of the University of London's GCE O Level Examination | ||
| 650 | 0 | 0 | |a English language |v Textbooks for foreign speakers. |
| 650 | 0 | 0 | |a English language |x Questions and answers |x For non-english speaking students. |
| 650 | 0 | 0 | |a English language |x Examinations, questions, etc. |
| 650 | 0 | 0 | |a English language |x Usage. |
| 650 | 0 | 0 | |a English language |x Comprehension. |
| 852 | |a INST |b RHODES |e 20000328 |h 428.24 MIL |p 005400008352 |q 005400008352 |t BK |y 0 | ||
| 909 | |a Ρ |b 025600 | ||
| 922 | |a 4ΕΛΗ |b 199302 |c ΠΟΛΕΜΙΚΟΥ | ||
| 970 | |a ΧΟΡΟΖΙΔΟΥ |b ΤΖΕΝΗ |z 2000/03/28 | ||